Culture Générale - Série 2184 - Statistiques

Statistiques générales
  • Ce quiz a été pris 93 fois
    70 depuis la dernière actualisation
  • Le résultat moyen est 6 sur 10
Statistiques - réponses
Question Réponse % Correct
Dans quel pays se situe la ville de Riga ? Lettonie
91%
Dans quel pays se situe la ville d'Odessa ? Ukraine
89%
Dans quel pays se situe la ville de Perth ? Australie
78%
Dans le langage populaire, ce verbe signifie "vomir" - 6 lettres commençant par " g " gerber
78%
Dans quelle ville d'Afrique du Nord se trouve le musée national du Bardo ? Tunis
77%
En quelle année est décédé Coluche ? 1986
69%
De quel pays Naypyidaw est-elle la capitale ? Myanmar
51%
Dans le film "Coup de tête" de Jean-Jacques Annaud, de 1979, qui incarne François Perrin, ailier dans l'équipe réserve de football de la ville deTrincamp ? prénom et nom Patrick Dewaere
29%
Dans le film "Coup de torchon" de Bertrand Tavernier, de 1981, qui incarne le policier Lucien Cordier ? prénom et nom Philippe Noiret
29%
Quel pays a dirigé José Mujica dit Pépé Mujica de 2010 à 2015 ? voir photo Uruguay
28%
Aucun quiz correspondant
Distribution des résultats
% des personnes avec chaque résultat
Percentile par nombre de réponses
Votre historique - résultats
Vous n’avez pas pris ce quiz depuis la dernière actualisation